| 000 | 00979nam a22002777a 4500 | ||
|---|---|---|---|
| 001 | 300 | ||
| 003 | BD-RjUL | ||
| 005 | 20211208233143.0 | ||
| 008 | 131117r20042001enka b 00010 eng | ||
| 035 | _a(BD-RjUL)317 | ||
| 040 |
_aBD-RjUL _beng _cBD-RjUL |
||
| 041 | _aeng | ||
| 082 | 0 | 0 |
_219 _a006.3 _bBRP 2004 |
| 100 | 1 |
_aBratko, Ivan _9960 |
|
| 245 | 1 | 0 |
_aProlog programming for artificial intelligence / _cIvan Bratko. |
| 250 | _a3rd | ||
| 260 |
_aHarlow, England ;New York : _bAddison Wesley, _cc 2001. [Reprient 2005] |
||
| 300 |
_axxi, 678 p. : _bill. ; _c24 cm. |
||
| 490 | 0 | _aInternational computer science series | |
| 504 | _aIncludes bibliographical references and index. | ||
| 526 | _bComputer science. | ||
| 650 | 0 |
_aArtificial intelligence. _9887 _vData processing. |
|
| 650 | 0 |
_aProlog (Computer program language) _9961 |
|
| 856 | _uhttp://www.worldcat.org/title/prolog-programming-for-artificial-intelligence/oclc/13095396&referer=brief_results | ||
| 942 |
_2ddc _cBK |
||
| 999 |
_c300 _d300 |
||